The Earth's magnetic field (Record no. 12741)

MARC details
000 -LEADER
fixed length control field 00602nam a2200181Ia 4500
003 - CONTROL NUMBER IDENTIFIER
control field IN-BaIIA
008 - FIXED-LENGTH DATA ELEMENTS--GENERAL INFORMATION
fixed length control field 211028s9999 xx 000 0 eng d
020 ## - INTERNATIONAL STANDARD BOOK NUMBER
International Standard Book Number 81-204-1133-1
040 ## - CATALOGING SOURCE
Transcribing agency IIA Library
080 ## - UNIVERSAL DECIMAL CLASSIFICATION NUMBER
Universal Decimal Classification number 550.38
Item number RAJ
100 ## - MAIN ENTRY--PERSONAL NAME
Personal name Pisharoty, P. R.
9 (RLIN) 22305
245 #4 - TITLE STATEMENT
Title The Earth's magnetic field
Statement of responsibility, etc. G. Rajaram and P. R. Pisharoty
260 ## - PUBLICATION, DISTRIBUTION, ETC.
Place of publication, distribution, etc. New Delhi
Name of publisher, distributor, etc. Oxford & IBH
Date of publication, distribution, etc. 1998
300 ## - PHYSICAL DESCRIPTION
Extent xxxvii, 373p.
650 ## - SUBJECT ADDED ENTRY--TOPICAL TERM
Topical term or geographic name entry element Magnetic field
9 (RLIN) 5229
700 ## - ADDED ENTRY--PERSONAL NAME
Personal name Pisharoty, P. R.
9 (RLIN) 22305
942 ## - ADDED ENTRY ELEMENTS (KOHA)
Koha item type Books
Holdings
Withdrawn status Lost status Damaged status Not for loan Home library Current library Shelving location Date acquired Cost, normal purchase price Total Checkouts Full call number Barcode Date last seen Cost, replacement price Price effective from Koha item type Purchase Price
        IIA Library-Bangalore IIA Library-Bangalore General Stacks 13/11/1998 795.00   550.38/ RAJ 13658 05/11/2021 795.00 13/11/1998 Books Rs. 795.00

Powered by Koha